Russkaja filosofija opyt tipologičeskoj charakteristiki

Bibliographic Details
Main Author: Sapronov, Petr Aleksandrovič (Author)
Format: Book
Language:Russian
Published: Sankt-Peterburg Cerkov' i kul'tura 2000
Subjects:

MARC

LEADER 00000nam a2200000 a 4500
001 vtls001426710
003 SK-MaSNL
005 20260301202619.0
008 251124s2000 RU r 0 rus
020 |a 5933890022  |c [170,00] 
035 |a SNK000381666 
040 |a SNK  |b slo  |c SNK  |e AACR2 
044 |a RU 
080 |a 14(470)(091)  |2 1981 
100 1 |a Sapronov, Petr Aleksandrovič  |4 aut  |9 584911 
245 1 0 |a Russkaja filosofija  |b opyt tipologičeskoj charakteristiki  |c P.A. Sapronov 
260 |a Sankt-Peterburg  |b Cerkov' i kul'tura  |c 2000 
300 |a 395 s.  |c 21 cm 
650 0 7 |a filozofia ruská  |x dejiny  |x monografie  |2 SNK  |9 584912 
919 |a 5-93389-002-2 
999 |c 899484  |d 901414 
952 |t P60, <04>, [BOOK], {604}  |a SNK  |b SNK  |y VYP  |7 0  |p 17A0328732  |o snkIC 129857  |i snkV 139/2002  |0 0  |1 0  |4 0  |d 2002-01-24  |l 0  |r 2005-01-02 00:00:00  |w 2026-02-24